000 00635nam a22002177a 4500
999 _c179245
_d179245
005 20210603130129.0
010 _aB-739960
020 _a9788130919034
_c295.00
035 _aB-739960
037 _bGift
082 _a149.97
100 _aWood, Tim
245 _aBeginning postmodernism /
_cby Tim Woods
250 _a2nd ed.
260 _aNew Delhi
_bViva Books
_c2013
270 _a4737/23, Ansari Road, Daryaganj
_bNew Delhi
_e110002
300 _axx, 329p.
_c20cm(pbk)
500 _ainclude index
942 _2ddc
_cEN
_h149.97
_mWOO